000 00257nam a22001217a 4500
041 _aENG
100 _aHolowenko ,A.R
245 _aDynamics Of Hachinery
260 _aNew york
_bJophn Wiley
_c1955
300 _a464
650 _aFMP
856 _uFMP ( 4 )
999 _c1404
_d1404